Stati sopra o sotto l'Equatore? - Quiz n°9 - Statistics

Statistiche generali
  • Questo quiz è stato fatto 51 volte
  • Il punteggio medio è 8 su 10
Statistiche sulle risposte
Hint Risposta % Corretto
Cuba Nord dell'Equatore
100%
Emirati Arabi Uniti Nord dell'Equatore
93%
Mauritius Sud dell'Equatore
93%
Vietnam Nord dell'Equatore
90%
Malawi Sud dell'Equatore
90%
Tonga Sud dell'Equatore
88%
Saint Vincent e Grenadine Nord dell'Equatore
80%
Camerun Nord dell'Equatore
78%
Guinea Nord dell'Equatore
76%
Perù Sud dell'Equatore
61%
Nessun quiz corrispondente trovato
Distribuzione punteggi
Percentuale di utenti per punteggio
Percentile per numero di risposta
I tuoi punteggi nel tempo
Non hai fatto questo quiz